LEADER 01009nam a2200265 u 4500 001 000000030492 003 CaOOAMICUS 005 20070226112032.0 008 970916s1981 fr u000 u fre u 035 $a10769539 040 $aPUL(R)$bita 100 1 $aLémonon, Jean-Pierre.$0(OLS)http://pul/name/24547 245 10$aPilate et le gouvernement de la Judée :$btextes et monuments /$cpar Jean-Pierre Lémonon .. 260 $aParis :$bJ. Gabalda,$c1981. 300 $a313 p. ;$c25 cm 490 1 $aEtudes bibliques 500 $aIndici : p. [297]-313. 504 $a"Bibliographie" : p. [281]-296. 830 0$aEtudes bibliques.$0(OLS)http://pul/title/4591 850 $aPUL 852 $aPUL$W1$xSL Religione 1$y3$m5 G 82$j42127$nBK-PRI$b $qStampati$B42127$CPULBib$Z2$F42127 $81 941 1 $a8 961 $aINV: 49648 996 $6245$aPilate et le gouvernement de la Judée :$btextes et monuments$9(OLS)http://pul/title/41892 996 $6260$aParis :$bJ. Gabalda$9(OLS)http://pul/publisher/48260 LEADER 01151nam a2200265 u 4500 001 000000088048 003 CaOOAMICUS 005 20070226124454.0 008 051024s1956 it u000 u ita u 035 $a11065386 040 $aPUL(R)$bita 100 1 $aLombardi, Riccardo,$cS.I.,$d1908-1979.$0(OLS)http://pul/name/529 245 13$aLa dottrina marxista :$besposizione e discussione /$cRiccardo Lombardi S. I. 250 $a3. ed. riveduta. 260 $aRoma :$bLa civiltà cattolica,$c1957. 300 $a285 p. ;$c18 cm 490 1 $aQuestioni di attualità ;$v14 650 4$aMarxismo e religione.$0(OLS)http://pul/subject/8490 650 4$aMarxismo$xCritica e interpretazione.$0(OLS)http://pul/subject/18831 830 0$aQuestioni di attualità ;$v14.$0(OLS)http://pul/title/25521 850 $aPUL 852 $aPUL$W1$xDP1 Fondo Pastorale$y55$mP3 E 80$j111574$nBK-PRI$b $qFondi$B111574$CPULBib$Z2$F111574 $HPUL1095 $81 941 1 $a1 996 $6245$aLa dottrina marxista :$besposizione e discussione$9(OLS)http://pul/title/58360 996 $6260$aRoma :$bLa civiltà cattolica$9(OLS)http://pul/publisher/54759